[Event "GRE-ch U20"]
[Site "Trikala"]
[Date "2021.08.27"]
[Round "7"]
[White "Sidiropoulos, Vasilis"]
[Black "Tsilidis, Christos"]
[Result "1-0"]
[WhiteElo "1888"]
[BlackElo "1609"]
[PlyCount "115"]
[EventDate "2021.08.23"]
[EventType "swiss"]
[EventRounds "9"]
[EventCountry "GRE"]
[SourceTitle "EXT 2022"]
[Source "ChessBase"]
[SourceDate "2021.10.06"]
[SourceVersion "1"]
[SourceVersionDate "2021.10.06"]
[SourceQuality "1"]

1. e4 c6 2. d4 d5 3. Nd2 dxe4 4. Nxe4 Bf5 5. Ng3 Bg6 6. Nh3 Nf6 7. Bc4 e6 8. Nf4 Bd6 9. c3 Qc7 10. Qf3 Nd5 11. Bxd5 cxd5 12. 0-0 Nc6 13. Re1 0-0 14. h4 Ne7 15. h5 Bc2 16. Qg4 Rfe8 17. h6 Ng6 18. Nxg6 Bxg6 19. hxg7 f5 20. Qg5 Qxg7 21. Bf4 Be7 22. Qh6 Qxh6 23. Bxh6 Bd6 24. Ne2 b5 25. Bf4 Bf8 26. Be5 Bh6 27. Nf4 Bxf4 28. Bxf4 Kf7 29. a4 a6 30. Ra3 Rec8 31. Rea1 b4 32. Rb3 bxc3 33. bxc3 Ra7 34. Bd6 Rc4 35. Bc5 Ra8 36. a5 Kg8 37. Rab1 Be8 38. Re1 Bd7 39. Re3 f4 40. Re5 h6 41. Rb7 Bc8 42. Rc7 Rxc3 43. Rh5 f3 44. Rxh6 e5 45. Rhh7 Rxc5 46. dxc5 d4 47. Rhg7+ Kh8 48. Rge7 Bf5 49. g4 Rg8 50. Kf1 Rxg4 51. Re8+ Rg8 52. Rxg8+ Kxg8 53. Re7 e4 54. c6 e3 55. fxe3 d3 56. Rd7 Kf8 57. Rd4 Ke7 58. Kf2 1-0

[Event "GRE-ch U18"]
[Site "Chania"]
[Date "2021.07.18"]
[Round "5"]
[White "Stefanou, Dimitrios"]
[Black "Tsilidis, Christos"]
[Result "1/2-1/2"]
[WhiteElo "2099"]
[BlackElo "1519"]
[PlyCount "97"]
[EventDate "2021.07.15"]
[EventType "swiss"]
[EventRounds "9"]
[EventCountry "GRE"]
[SourceTitle "EXT 2022"]
[Source "ChessBase"]
[SourceDate "2021.10.06"]
[SourceVersion "1"]
[SourceVersionDate "2021.10.06"]
[SourceQuality "1"]

1. c4 Nf6 2. Nc3 c5 3. Nf3 g6 4. g3 Bg7 5. Bg2 0-0 6. 0-0 d6 7. d4 cxd4 8. Nxd4 a6 9. b3 Qc7 10. Bb2 Nc6 11. Nc2 b6 12. Rc1 Bb7 13. e4 e6 14. Qe2 Rfd8 15. Rfd1 Qe7 16. Rd2 b5 17. cxb5 axb5 18. Qxb5 Bh6 19. f4 e5 20. Qf1 exf4 21. gxf4 Nh5 22. Nd5 Qh4 23. Qf2 Qxf2+ 24. Rxf2 Rxa2 25. Ncb4 Nxb4 26. Nxb4 Raa8 27. Rcf1 Rab8 28. Bc3 Re8 29. e5 Bxg2 30. Kxg2 Bg7 31. Rf3 Rb7 32. Bd2 dxe5 33. fxe5 Rxe5 34. Nc6 Re2+ 35. R1f2 Rxf2+ 36. Kxf2 Nf6 37. Kg2 Rc7 38. Nb4 Ne4 39. Bf4 Rd7 40. Nc6 g5 41. Bg3 Rd2+ 42. Kg1 Bd4+ 43. Nxd4 Rxd4 44. Be1 Nd2 45. Re3 f5 46. Bxd2 Rxd2 47. Re5 Rb2 48. Rxf5 Rxb3 49. Rxg5+ 1/2-1/2

[Event "GRE-ch U16"]
[Site "Patras"]
[Date "2021.07.08"]
[Round "7"]
[White "Tzontas, Athanasios"]
[Black "Tsilidis, Christos"]
[Result "0-1"]
[WhiteElo "1491"]
[BlackElo "1519"]
[PlyCount "118"]
[EventDate "2021.07.02"]
[EventType "swiss"]
[EventRounds "7"]
[EventCountry "GRE"]
[SourceTitle "EXT 2023"]
[Source "ChessBase"]
[SourceDate "2022.10.05"]
[SourceVersion "1"]
[SourceVersionDate "2022.10.05"]
[SourceQuality "1"]

1. e4 e5 2. Nf3 Nc6 3. Bb5 Nf6 4. 0-0 Bc5 5. d3 d6 6. h3 h6 7. c3 0-0 8. Re1 Ne7 9. d4 exd4 10. cxd4 Bb4 11. Nc3 d5 12. exd5 Nexd5 13. Qc2 c6 14. Bd3 Bd7 15. Bd2 Qc7 16. Rac1 Bd6 17. Qb1 Bf4 18. Bf5 Bxd2 19. Nxd2 Qf4 20. Bxd7 Qxd2 21. Nxd5 Nxd5 22. Rcd1 Qf4 23. Bf5 Rfe8 24. Be4 Nf6 25. g3 Qd6 26. Qd3 Rad8 27. Re3 Nxe4 28. Rxe4 Qd5 29. Rxe8+ Rxe8 30. b3 g6 31. f3 Qe6 32. Kg2 Qe2+ 33. Kg1 Re3 34. Qxe2 Rxe2 35. d5 cxd5 36. Rxd5 Rxa2 37. Rd7 b5 38. Rb7 a6 39. Ra7 b4 40. Rb7 a5 41. Rb5 Kf8 42. g4 g5 43. Kf1 f6 44. Ke1 Ke7 45. Kf1 Kd6 46. Rb6+ Ke5 47. Rb5+ Kd4 48. Rf5 Ra3 49. Kf2 Rxb3 50. Rxa5 Rb2+ 51. Kg3 Rc2 52. Rf5 Rc6 53. h4 Rb6 54. hxg5 hxg5 55. Ra5 b3 56. Ra1 b2 57. Rb1 Kc3 58. f4 Kc2 59. Rxb2+ Kxb2 0-1

[Event "GRE-ch Online Blitz op 1st"]
[Site "Tornelo INT"]
[Date "2021.02.07"]
[Round "14"]
[White "Tsilidis, Christos"]
[Black "Cheiladakis, Vasileios"]
[Result "1-0"]
[WhiteElo "1329"]
[BlackElo "1525"]
[PlyCount "105"]
[EventDate "2021.02.07"]
[EventType "swiss (blitz)"]
[EventRounds "16"]
[EventCountry "GRE"]
[SourceTitle "EXT 2023"]
[Source "ChessBase"]
[SourceDate "2022.10.05"]
[SourceVersion "1"]
[SourceVersionDate "2022.10.05"]
[SourceQuality "1"]

1. d4 Nf6 2. Bf4 d5 3. e3 Bf5 4. Nf3 e6 5. c4 c5 6. Nc3 Nc6 7. cxd5 Nxd5 8. Bb5 Nxc3 9. bxc3 Qb6 10. Qa4 Rc8 11. 0-0 a6 12. Bxc6+ Qxc6 13. Qxc6+ Rxc6 14. Ne5 Rc8 15. h3 cxd4 16. cxd4 Ba3 17. f3 f6 18. Ng4 0-0 19. e4 Bg6 20. Rab1 b5 21. d5 exd5 22. Rb3 Bc5+ 23. Kh1 dxe4 24. fxe4 Bxe4 25. Be3 Bxe3 26. Rxe3 Rfe8 27. Rfe1 Bg6 28. Kg1 Rxe3 29. Rxe3 Rc1+ 30. Kf2 Rc2+ 31. Re2 Rxe2+ 32. Kxe2 Bh5 33. Kd3 Bxg4 34. hxg4 Kf7 35. Kd4 Ke6 36. Kc5 Ke5 37. Kb6 Kd4 38. Kxa6 b4 39. Kb5 Kc3 40. Ka4 g6 41. Kb5 h5 42. gxh5 gxh5 43. g3 f5 44. Kc5 f4 45. gxf4 h4 46. f5 h3 47. f6 h2 48. f7 h1Q 49. f8Q Qg1+ 50. Kb5 Qg5+ 51. Ka4 Qd5 52. Qxb4+ Kd3 53. Qb5+ 1-0